000 00409nam a2200169Ia 4500
008 170705s9999 xx 000 0 und d
020 _a9780439683562
245 _aLily B. on the brink of cool /
245 _cElizabeth Cody Kimmel.
260 _aNew York :
260 _bScholastic,
260 _c2003
300 _a245 pages :
300 _bcolor illustration ;
300 _c19cm.
500 _a880
999 _c336427
_d336427